| 000 -GUIDE |
| Champ de contrôle de longueur fixe |
00990caa a22002297a 4500 |
| 003 - IDENTITÉ DU NUMÉRO DE CONTRÔLE |
| Champ de contrôle |
BI-BuBU |
| 008 - ÉLÉMENTS DE LONGUEUR FIXE - RENSEIGNEMENTS GÉNÉRAUX |
| Champ de contrôle de longueur fixe |
140314s2007 bd ||||| |||| 00| 0 fre d |
| 039 ## - NIVEAU DE CONTRÔLE BIBLIOGRAPHIQUE ET HISTORIQUE D'ENCODAGE [OBSOLETE] |
| Date creation |
20140318102251.0 |
| Nom catalographe |
Verhasselt |
| 040 ## - SOURCE DU CATALOGAGE |
| Organisme qui a effectué le catalogage original |
BI-BuBU |
| Code de la langue utilisée dans le catalogage |
fre |
| Organisme qui a effectué la transcription |
BI-BuBU |
| 080 0# - INDICE DE LA CLASSIFICATION DÉCIMALE UNIVERSELLE (CDU) |
| Indice de la Classification décimale universelle |
R.551.432 |
| 100 1# - VEDETTE PRINCIPALE - NOM DE PERSONNE |
| Code de relation |
aut |
| Nom de personne |
Nkurunziza, Prime |
| 245 10 - MENTION DU TITRE |
| Titre |
Contribution à l'étude de la morphologie et de l'environnement dans les grandes vallées de la région de Ngozi |
| Mention de responsabilité, etc. |
Prime Nkurunziza |
| 260 ## - PUBLICATION, DIFFUSION, ETC. (ADRESSE BIBLIOGRAPHIQUE) |
| Lieu de publication, diffusion, etc. |
Bujumbura |
| Nom de l'éditeur, diffuseur, etc. |
Université du Burundi, Faculté des Lettres et Sciences Humaines |
| Date of publication, distribution, etc |
2007 |
| 300 ## - DESCRIPTION MATÉRIELLE |
| Collation |
XI - 101 f. |
| Dimensions |
30 cm. |
| 502 ## - NOTE DE THÈSE OU MÉMOIRE |
| Note de thèse |
Mémoire présenté et défendu publiquement en vue de l'obtention du grade de Licencié en Géographie |
| 650 #7 - VEDETTE-MATIÈRE - NOM COMMUN |
| Vedette de sujet ou vedette comportant un nom géographique |
Vallée. Morphologie. Ngozi (région). Etude |
| 650 #7 - VEDETTE-MATIÈRE - NOM COMMUN |
| Vedette de sujet ou vedette comportant un nom géographique |
Vallée. Environnement. Etude. Ngozi (région) |
| 650 #7 - VEDETTE-MATIÈRE - NOM COMMUN |
| Vedette de sujet ou vedette comportant un nom géographique |
CUD. DataWinIsis. Verhasselt |
| 942 ## - ÉLÉMENTS D'ENTRÉE ADDITIONNELLE (KOHA) |
| Type d item koha |
Memoire |